Globalne prognozy rozwoju spoleczno-gospodarczego

Enregistré dans:
Détails bibliographiques
Autres auteurs: Zeliaś, Aleksander
Format: Livre
Langue:polonais
Publié: Warszawa Wydawnictwo naukowe 1983
Tags: Ajouter un tag
Pas de tags, Soyez le premier à ajouter un tag!

MARC

LEADER 00000nam a2200000 4500
001 c112378
005 20220505115406.7
041 0 |a pol 
044 |a PL 
245 1 0 |a Globalne prognozy rozwoju spoleczno-gospodarczego  |c Red. Aleksander Zelias 
264 1 |a Warszawa  |b Wydawnictwo naukowe  |c 1983 
300 |a 151 s. 
700 1 |a Zeliaś, Aleksander